La industria manufacturera mexicana vista en el contexto de industrialización de China e India /
El siguiente artículo analiza las características de la industrialización en China e India, así como la desindustrialización en México y el impacto que ello ha ocasionado sobre el diferencial de crecimiento entre ellos. Al final se analiza el desafío que enfrentan los países latinoamericanos ante la...
Guardado en:
| 主要作者: | |
|---|---|
| 格式: | Texto |
| 主題: | |
| 標簽: |
添加標簽
沒有標簽, 成為第一個標記此記錄!
|
MARC
| LEADER | 00000 a a2200000 04500 | ||
|---|---|---|---|
| 001 | 46358 | ||
| 003 | |||
| 040 | |||
| 100 | |a Huerta González, Arturo | ||
| 245 | |a La industria manufacturera mexicana vista en el contexto de industrialización de China e India / |c Arturo Huerta González | ||
| 520 | |a El siguiente artículo analiza las características de la industrialización en China e India, así como la desindustrialización en México y el impacto que ello ha ocasionado sobre el diferencial de crecimiento entre ellos. Al final se analiza el desafío que enfrentan los países latinoamericanos ante la desaceleración de la economía mundial que cuestiona la estrategia de crecimiento hacia fuera, por lo que se plantea la necesidad de un crecimiento hacia dentro con fuerte intervención del Estado. | ||
| 590 | |a RRH/JULIO2014 | ||
| 650 | |a 1.INDUSTRIALIZACION | ||
| 650 | |a 2.ESTADO | ||
| 650 | |a 3.ECONOMIA | ||
| 650 | |a 4.CRECIMIENTO ECONOMICO | ||
| 650 | |a 5.LIBERALIZACION ECONOMICA | ||
| 650 | |a 6.COMERCIO INTERNACIONAL | ||
| 650 | |a 7.MEXICO | ||
| 650 | |a 8.CHINA | ||
| 650 | |a 9.INDIA | ||
| 773 | |g número384 ( , 2014), páginas 41-69 : tablas | ||
| 999 | |c 38661 |d 38661 | ||
